| 000 | 00377nam a2200157Ia 4500 | ||
|---|---|---|---|
| 008 | 210716s2008 xx 000 0 und d | ||
| 020 | _a9788120324893 | ||
| 041 | _aeng | ||
| 082 | _a004.65 BASI | ||
| 100 | _aNiit. | ||
| 245 | _aBasics of networking. | ||
| 250 | _a1 | ||
| 260 |
_aNew Delhi _bPHI Learning Pvt Ltd _c2008 |
||
| 300 | _avi,290 | ||
| 650 | _aComputer Networks | ||
| 999 |
_c189695 _d189695 |
||